ABSTRACT ALGEBRA (Record no. 10192)

MARC details
000 -LEADER
fixed length control field 00303nam a22001457a 4500
003 - CONTROL NUMBER IDENTIFIER
control field SGT
082 ## - DEWEY DECIMAL CLASSIFICATION NUMBER
Classification number CHA 512
100 ## - MAIN ENTRY--PERSONAL NAME
Personal name CHATTERJEE,DIPAK
245 ## - TITLE STATEMENT
Title ABSTRACT ALGEBRA
250 ## - EDITION STATEMENT
Edition statement 3RD
260 ## - PUBLICATION, DISTRIBUTION, ETC. (IMPRINT)
Place of publication, distribution, etc NEW DELHI
Name of publisher, distributor, etc PHI
Year of Publication 2015
300 ## - PAGE DESCRIPTION
No. of Pages 396
650 ## - SUBJECT ADDED ENTRY--TOPICAL TERM
Topical term or geographic name as entry element MATHEMATICS, ALGEBRA
942 ## - ADDED ENTRY ELEMENTS (KOHA)
Source of classification or shelving scheme Dewey Decimal Classification
Koha item type FPS Books
942 ## - ADDED ENTRY ELEMENTS (KOHA)
-- 1
Holdings
Withdrawn status Lost status Source of classification or shelving scheme Damaged status Not for loan Collection code Home library Current library Shelving location Date acquired Vendor Name Cost, normal purchase price SGTU Bill Number Total Checkouts Full call number Accession No. (Barcode) Date last seen Date last borrowed Bill Date Koha item type
    Dewey Decimal Classification     SCIENCE SGT Science & Social Sciences Library SGT Science & Social Sciences Library Text Book 13/12/2016 UNIVERSAL BOOK 350.00 SGTU 337 2 CHA 512 PS2989 23/01/2020 08/01/2020 20/10/2016 FPS Books
    Dewey Decimal Classification     SCIENCE SGT Science & Social Sciences Library SGT Science & Social Sciences Library Text Book 13/12/2016 UNIVERSAL BOOK 350.00 SGTU 337 5 CHA 512 PS2990 06/03/2026 19/02/2026 20/10/2016 FPS Books
    Dewey Decimal Classification     SCIENCE SGT Science & Social Sciences Library SGT Science & Social Sciences Library Text Book 13/12/2016 UNIVERSAL BOOK 350.00 SGTU 337 6 CHA 512 PS2991 30/03/2026 12/03/2026 20/10/2016 FPS Books